| 000 | 00653nam a2200241Ia 4500 | ||
|---|---|---|---|
| 003 | OSt | ||
| 005 | 20221005124227.0 | ||
| 006 | a|||||r|||| 00| 0 | ||
| 007 | ta | ||
| 008 | 221004b |||||||| |||| 00| 0 eng d | ||
| 024 | _a44257 | ||
| 037 | _cTextual | ||
| 040 |
_aCRL _cCRL _beng |
||
| 041 |
_2eng _aeng |
||
| 082 | _aO154vM5, 111F4;1 | ||
| 100 |
_aJhaveri Krishnalal Mohanlal _964144 |
||
| 245 | 0 | _aMilestones in Gujarati literature | |
| 260 | _c1924 | ||
| 650 | _a ENGLISH LITERATURE | ||
| 650 | _aGUJRATI LITERATURE | ||
| 942 |
_hO154vM5, 111F4;1 _cTEXL _2cc |
||
| 999 |
_c1049803 _d1049803 |
||